| 000 | 01295cam a2200325 a 4500 | ||
|---|---|---|---|
| 001 | 4363253 | ||
| 003 | NUST | ||
| 005 | 20220807104924.0 | ||
| 008 | 900906s1991 cau b 001 0 eng | ||
| 010 | _a 90048203 | ||
| 020 |
_a0060646918 (alk. paper) : _c$16.95 ($22.95 Can.) |
||
| 038 | _aAzhar | ||
| 040 |
_aDLC _cDLC _dDLC |
||
| 043 | _an-us--- | ||
| 050 | 0 | 0 |
_aE185.97.K5 _bA25 1991 |
| 082 | 0 | 0 |
_a323.1196073 _220 _bKIN |
| 100 | 1 |
_aKing, Martin Luther, _cJr., _d1929-1968. _996639 |
|
| 245 | 1 | 2 |
_aA testament of hope : _bthe essential writings and speeches of Martin Luther King, Jr. _cedited by James Melvin Washington. |
| 250 | _a1st HarperCollins pbk. ed. | ||
| 260 |
_aSan Francisco : _bHarperSanFrancisco, _c1991. |
||
| 300 |
_axxvii, 702 p. ; _c24 cm. |
||
| 504 | _aIncludes bibliographical references (p. 681-688) and index. | ||
| 650 | 0 |
_aAfrican Americans _xCivil rights. _996640 |
|
| 651 | 0 |
_aUnited States _xRace relations. _91188 |
|
| 700 | 1 |
_aWashington, James Melvin. _996641 |
|
| 856 | 4 | 2 |
_3Publisher description _uhttp://www.loc.gov/catdir/description/hc041/90048203.html |
| 906 |
_a7 _bcbc _corignew _d1 _eocip _f19 _gy-gencatlg |
||
| 942 |
_2ddc _cLC |
||
| 999 |
_c590808 _d590808 |
||